Solar-powered Automotive Tool Cabinet (Record no. 88563)
[ view plain ]
| 000 -LEADER | |
|---|---|
| fixed length control field | 03354nam a22002657a 4500 |
| 005 - DATE AND TIME OF LATEST TRANSACTION | |
| control field | 20251104125153.0 |
| 008 - FIXED-LENGTH DATA ELEMENTS--GENERAL INFORMATION | |
| fixed length control field | 251029b ||||| |||| 00| 0 eng d |
| 043 ## - GEOGRAPHIC AREA CODE | |
| Geographic area code | URS |
| 245 ## - TITLE STATEMENT | |
| Title | Solar-powered Automotive Tool Cabinet |
| Remainder of title | / Labra, Darren L.... [et al.]. |
| 260 ## - PUBLICATION, DISTRIBUTION, ETC. | |
| Date of publication, distribution, etc. | April 2024 |
| 300 ## - PHYSICAL DESCRIPTION | |
| Extent | 86 leaves : |
| Dimensions | 28 cm. |
| 336 ## - CONTENT TYPE | |
| Source | rdacontent |
| Content type term | text |
| 337 ## - MEDIA TYPE | |
| Source | rdamedia |
| Media type term | unmediated |
| 338 ## - CARRIER TYPE | |
| Source | rdacarrier |
| Carrier type term | volume |
| 502 ## - DISSERTATION NOTE | |
| Dissertation note | Thesis |
| Degree type | Bachelor of Technology Major in Automotive Technology |
| Name of granting institution | University of Rizal System-Morong |
| Year degree granted | 2024 |
| 520 ## - SUMMARY, ETC. | |
| Summary, etc. | This study aimed to developed Solar-Powered Automotive Tool Cabinet. Specifically, the study attempted to design and construct Solar-Powered Automotive Tool Cabinet, perform try-out and revision, determine the level of acceptability of the developed Solar-Powered Automotive Tool Cabinet in terms of design, usefulness, durability, and safety and maintenance, as well as to determine the level of its performance in terms of weight capacity and develop a user’s manual for the use of the Solar-Powered Automotive Tool Cabinet. The respondents of the study were ten (10) experts composed of: three (3) mechanical experts, three (3) electrical experts, and four (4) automotive experts, and twenty (20) automotive technology students, for a total of thirty (30) respondents, from the University of Rizal System-Morong Campus. The study employed descriptive and developmental research method or research utilizing adapted questionnaire checklist to gather the data needed to determine the level of acceptability of the developed solar-powered automotive tool cabinet. On the design and construction of the developed Solar-Powered Automotive Toolbox, it was found out that it can be constructed and developed out of reusable materials. The researchers first prepared a working drawing of the automotive tool cabinet as the basis of the design of the output developed. On the try-out and revisions of the developed Solar-Powered Automotive Tool Cabinet, it was subjected to simple test and experimentation by the researchers where effects were discovered and revised accordingly. The findings of the study showed that in terms of design, usefulness, durability, and safety and maintenance, the developed Solar-Powered Automotive Tool Cabinet was found to be Very Much Acceptable. The developed Solar-Powered Automotive Tool Cabinet can hold and store 5kg to 25 kg of tools without having any defects. It can also be transferred from one place to another with ease because of the durable wheels. On the basis of the findings and conclusions drawn, it is recommended that the Solar-Powered Automotive Tool Cabinet may be utilized to store and organize tools, and to assist at work even at night. Moreover, future researches may be conducted on the Solar-Powered Automotive Tool Cabinet focusing on its level of performance in terms of charging and discharging. |
| 700 ## - ADDED ENTRY--PERSONAL NAME | |
| Personal name | Labra, Darren L. |
| Relator term | author |
| 700 ## - ADDED ENTRY--PERSONAL NAME | |
| Personal name | Rio, Romel A. |
| Relator term | author |
| 700 ## - ADDED ENTRY--PERSONAL NAME | |
| Personal name | Gliane, Aly Adre C. |
| Relator term | author |
| 700 ## - ADDED ENTRY--PERSONAL NAME | |
| Personal name | Namico, John Denver M. |
| Relator term | author |
| 700 ## - ADDED ENTRY--PERSONAL NAME | |
| Personal name | Estrabo, Arnulfo D. |
| Relator term | degree supervisor |
| 856 ## - ELECTRONIC LOCATION AND ACCESS | |
| Materials specified | Online Request for Student Unpublished Works |
| Uniform Resource Identifier | <a href="https://forms.gle/7LqvGGkaDrUQqz429">https://forms.gle/7LqvGGkaDrUQqz429</a> |
| 856 ## - ELECTRONIC LOCATION AND ACCESS | |
| Uniform Resource Identifier | <a href="https://drive.google.com/file/d/1quicuWhIWW1m6Y2saaRM-vBrM2SBng1x/view?usp=drive_link">https://drive.google.com/file/d/1quicuWhIWW1m6Y2saaRM-vBrM2SBng1x/view?usp=drive_link</a> |
| 942 ## - ADDED ENTRY ELEMENTS (KOHA) | |
| Source of classification or shelving scheme | Library of Congress Classification |
| Koha item type | Theses and dissertations |
| Withdrawn status | Source of classification or shelving scheme | Damaged status | Not for loan | Collection code | Home library | Current library | Date acquired | Total Checkouts | Barcode | Date last seen | Price effective from | Koha item type |
|---|---|---|---|---|---|---|---|---|---|---|---|---|
| Library of Congress Classification | Reference | Morong College Library | Morong College Library | 10/29/2025 | URSMOR-CL-6716 | 10/29/2025 | 10/29/2025 | Theses and dissertations |